[Event "USA & EUROPE"]
[Site "http://www.queenalice.com/game.php?id=1781268"]
[Date "2022.1.25"]
[Round "4"]
[White "Matt24"]
[Black "Sexxy_Bunny"]
[Result "1/2-1/2"]
[WhiteElo "2699"]
[BlackElo "2824"]

1. d4 Nf6 2. c4 e6 3. Nf3 d5 4. Nc3 c6 5. e3 Nbd7 6. Qc2 Bd6 7. Be2 O-O 8. O-O
dxc4 9. Bxc4 a6 10. Be2 b5 11. Rd1 Qc7 12. e4 e5 13. dxe5 Nxe5 14. h3 Re8 15.
Bg5 Nxf3+ 16. Bxf3 Be6 17. Bxf6 gxf6 18. Bg4 Rad8 19. Bxe6 fxe6 20. g3 c5 21.
Rd2 Be5 22. Rad1 Rxd2 23. Rxd2 Rd8 24. Rxd8+ Qxd8 25. a4 Qd7 26. axb5 axb5 27.
f4 Bd4+ 28. Kg2 Qc6 29. Qd3 Bxc3 30. bxc3 b4 31. cxb4 cxb4 32. Kf3 Kg7 33. Qd4
Qb7 34. g4 h6 35. g5 hxg5 36. fxg5 b3 37. Qxf6+ Kg8 38. Qb2 Qb5 39. Kg4 e5 40.
Kh4 Qb7 41. Kg3 Kf7 42. h4 Qb5 43. Qf2+ Kg8 44. Qd2 b2 45. Qd8+ Kf7 46. Qf6+ Ke8
47. Qe6+ Kd8 48. Qd6+ Ke8 49. Qe6+ Kd8 50. Qd6+ Ke8 51. Qe6+ 1/2-1/2

[Event "AUTO-ELITE-2238"]
[Site "http://www.queenalice.com/game.php?id=1790922"]
[Date "2022.6.15"]
[Round "3"]
[White "Matt24"]
[Black "parapunzi"]
[Result "0-1"]
[WhiteElo "2553"]
[BlackElo "2583"]

1. d4 Nf6 2. c4 e6 3. Nf3 d5 4. Nc3 Be7 5. e3 O-O 6. Be2 Nbd7 7. O-O b6 8. cxd5
exd5 9. Bd2 c6 10. Qc2 Bb7 11. Ne5 Rc8 12. Rac1 b5 13. a3 a5 14. Bd3 g6 15. Nxd7
Qxd7 16. f3 Ne8 17. Ne2 a4 18. Nf4 Nd6 19. Bb4 Nc4 20. Bxc4 Bxb4 21. axb4 dxc4
22. Qc3 Rcd8 23. Rcd1 f5 24. h4 Qe7 25. g3 Rfe8 26. Kf2 Qf6 0-1

[Event "AUTO-ELITE-2238"]
[Site "http://www.queenalice.com/game.php?id=1790923"]
[Date "2022.6.15"]
[Round "3"]
[White "parapunzi"]
[Black "Matt24"]
[Result "1-0"]
[WhiteElo "2590"]
[BlackElo "2546"]

1. e4 c6 2. d4 d5 3. Nd2 dxe4 4. Nxe4 Bf5 5. Ng3 Bg6 6. N1e2 e6 7. Nf4 Bd6 8.
Ngh5 Bxh5 9. Nxh5 g6 10. Nf4 Nd7 11. g3 Ne7 12. Bg2 O-O 13. O-O Nf5 14. c3 Re8
15. Qb3 e5 16. Nh3 exd4 17. Ng5 Re7 18. Qxb7 Ne5 19. Qb3 dxc3 20. bxc3 Qa5 21.
Ne4 Rb8 22. Qc2 Ba3 23. Bd2 Rb2 24. Qd1 Kg7 25. c4 Bb4 26. Bg5 1-0

[Event "AUTO-ELITE-2423"]
[Site "http://www.queenalice.com/game.php?id=1793030"]
[Date "2022.7.22"]
[Round "1"]
[White "Matt24"]
[Black "Cerberus"]
[Result "0-1"]
[WhiteElo "2703"]
[BlackElo "2672"]

1. d4 d5 2. c4 c6 3. Nf3 Nf6 4. Nc3 e6 5. e3 Nbd7 6. Be2 Bd6 7. O-O O-O 8. b3 b6
9. Bb2 Bb7 10. Qc2 Qe7 11. Rad1 Rad8 12. Rfe1 c5 13. Bd3 cxd4 14. exd4 dxc4 15.
bxc4 Bxf3 16. gxf3 Nh5 17. Ne4 Nf4 18. Kh1 Bb8 19. Ng3 Qh4 20. Ba3 Rfe8 21. Be4
Kh8 22. Bc1 Rg8 23. Be3 Nf6 24. c5 N6d5 25. c6 Rc8 26. Bxf4 Nxf4 27. d5 Qh3 28.
Rg1 Nxd5 29. Bxd5 exd5 30. Rxd5 Qe6 31. Rgd1 Rxc6 32. Qe4 Qxe4 33. Nxe4 h6 34.
Kg2 g6 35. Rd8 Bc7 36. R8d7 Kg7 37. Re7 Rf8 38. Rdd7 Bd8 39. Re5 a5 40. a3 Bf6
41. Nxf6 Rxf6 42. h4 Rc8 43. Rb7 Rc3 44. Re3 Rc5 45. Kg3 b5 46. Re4 Rff5 47. Re3
h5 0-1

[Event "AUTO-ELITE-2423"]
[Site "http://www.queenalice.com/game.php?id=1793031"]
[Date "2022.7.22"]
[Round "1"]
[White "Cerberus"]
[Black "Matt24"]
[Result "1-0"]
[WhiteElo "2649"]
[BlackElo "2712"]

1. Nf3 d5 2. g3 Nf6 3. Bg2 Nc6 4. O-O g6 5. d4 Bg7 6. b3 O-O 7. Bb2 Bf5 8. Nbd2
Qd6 9. c4 e6 10. Ne5 Rfe8 11. e3 Qe7 12. Qe2 h5 13. h3 a5 14. a3 a4 15. b4 h4
16. g4 Be4 17. f3 Bc2 18. Rac1 Bb3 19. f4 Rad8 20. Nxb3 axb3 21. Qd3 Ne4 22.
Bxe4 dxe4 23. Qxe4 1-0

[Event "AUTO-ELITE-2435"]
[Site "http://www.queenalice.com/game.php?id=1796513"]
[Date "2022.9.18"]
[Round "1"]
[White "MLSChess"]
[Black "Matt24"]
[Result "1-0"]
[WhiteElo "2496"]
[BlackElo "2682"]

1. d4 d5 2. c4 c6 3. cxd5 cxd5 4. Nc3 Nc6 5. Bf4 Nf6 6. e3 Qb6 7. Bd3 Bg4 8.
Nge2 e6 9. O-O Bxe2 10. Bxe2 Be7 11. Na4 Qd8 12. Qb3 Qd7 13. Rfc1 O-O 14. Bb5
Nh5 15. Be5 f6 16. Bg3 1-0

[Event "AUTO-ELITE-2435"]
[Site "http://www.queenalice.com/game.php?id=1796514"]
[Date "2022.9.18"]
[Round "1"]
[White "Matt24"]
[Black "MLSChess"]
[Result "0-1"]
[WhiteElo "2694"]
[BlackElo "2484"]

1. d4 Nf6 2. c4 e6 3. Nf3 d5 4. Nc3 Be7 5. Bg5 h6 6. Bxf6 Bxf6 7. e3 O-O 8. Rc1
c6 9. Bd3 dxc4 10. Bxc4 Nd7 11. O-O c5 12. Qe2 cxd4 13. Nxd4 Qb6 14. Rfd1 Ne5
15. Bb3 Bd7 0-1

[Event "AUTO-ELITE-2435"]
[Site "http://www.queenalice.com/game.php?id=1796521"]
[Date "2022.9.18"]
[Round "1"]
[White "Matt24"]
[Black "trompmaster"]
[Result "0-1"]
[WhiteElo "2655"]
[BlackElo "2413"]

1. d4 d6 2. c4 e5 3. d5 g6 4. e4 Nd7 5. Nc3 Ngf6 6. Nf3 Bg7 7. Bd3 a5 8. Be3 O-O
9. Na4 b6 10. O-O Nc5 11. Nxc5 bxc5 12. h3 Nh5 13. Qd2 f5 14. Bg5 Qe8 15. exf5
gxf5 16. Nh4 e4 17. Be2 f4 0-1

[Event "AUTO-ELITE-2435"]
[Site "http://www.queenalice.com/game.php?id=1796522"]
[Date "2022.9.18"]
[Round "1"]
[White "trompmaster"]
[Black "Matt24"]
[Result "1-0"]
[WhiteElo "2426"]
[BlackElo "2642"]

1. d4 d5 2. c4 c6 3. Nf3 Nf6 4. g3 e6 5. Bg2 Nbd7 6. O-O Bd6 7. Nc3 dxc4 8. Nd2
Nb6 9. Na4 Nxa4 10. Qxa4 O-O 11. Qxc4 e5 12. dxe5 Bxe5 13. Nf3 Bc7 14. Bg5 h6
15. Rad1 Qe7 16. Bf4 Be6 17. Qc2 Bxf4 18. gxf4 1-0

[Event "AUTO-ELITE-2439"]
[Site "http://www.queenalice.com/game.php?id=1799434"]
[Date "2022.11.7"]
[Round "1"]
[White "Matt24"]
[Black "Sexxy_Bunny"]
[Result "0-1"]
[WhiteElo "2592"]
[BlackElo "2814"]

1. d4 Nf6 2. c4 e6 3. Nf3 d5 4. Nc3 c6 5. Bg5 h6 6. Bxf6 Qxf6 7. e3 Nd7 8. Be2
g6 9. O-O Bg7 10. Qb3 Qe7 0-1

[Event "AUTO-ELITE-2439"]
[Site "http://www.queenalice.com/game.php?id=1799435"]
[Date "2022.11.7"]
[Round "1"]
[White "Sexxy_Bunny"]
[Black "Matt24"]
[Result "1-0"]
[WhiteElo "2818"]
[BlackElo "2588"]

1. e4 e5 2. Nf3 Nc6 3. Bb5 Nf6 4. O-O d6 5. d4 exd4 6. Nxd4 Bd7 7. Nc3 Nxd4 8.
Qxd4 Bxb5 9. Nxb5 Be7 10. Re1 a6 11. Nc3 1-0